Biggest cities by island - Asia - Statistics

General Stats
  • This quiz has been taken 21 times
  • The average score is 10 of 14
Answer Stats
Population Country Island City % Correct
30,000,000 Indonesia Java Jakarta
100%
21,000,000 Philippines Luzon Manila
100%
5,850,000 Singapore Singapore Singapore
100%
7,048,000 Taiwan Taiwan Taipei
100%
38,505,000 Japan Honshu Tokyo
100%
200,000 Cyprus Cyprus Nicosia
95%
154,700 Bahrain Bahrain Manama
84%
2,670,000 Japan Hokkaido Sapporo
84%
648,000 Sri Lanka Sri lanka Colombo
79%
2,500,000 Philippines Mindanao Davao
47%
1,777,000 China Hainan Haikou
47%
5,275,000 Indonesia Sumatra Medan
42%
1,400,00 Indonesia Sulawesi Makassar
37%
727,000 Indonesia/Malaysia/Brunei Borneo Samarinda
11%
No matching quizzes found
Score Distribution
Percent of People with Each Score
Percentile by Number Answered
Your Score History
You have not taken this quiz